Reminiscences and sermons. (Record no. 12010)

000 -LEADER
fixed length control field 00551nam a2200181 a 4500
001 - CONTROL NUMBER
control field :::00009812$&:&@@
003 - CONTROL NUMBER IDENTIFIER
control field OkBaRHE
005 - DATE AND TIME OF LATEST TRANSACTION
control field 20000607103353.0
008 - FIXED-LENGTH DATA ELEMENTS--GENERAL INFORMATION
fixed length control field s1893 j 000 0 eng u
040 ## - CATALOGING SOURCE
Transcribing agency
100 1# - MAIN ENTRY--PERSONAL NAME
Personal name Frazee, Elder W. D.
245 10 - TITLE STATEMENT
Title Reminiscences and sermons.
260 ## - PUBLICATION, DISTRIBUTION, ETC. (IMPRINT)
Place of publication, distribution, etc Nashville, TN., :
Name of publisher, distributor, etc Gospel Advocate Publishing Co.
Date of publication, distribution, etc 1893
300 ## - PHYSICAL DESCRIPTION
Extent 400 p. ;
Dimensions 20 cm.
650 ## - SUBJECT ADDED ENTRY--TOPICAL TERM
Topical term or geographic name as entry element Sermons, American
942 ## - ADDED ENTRY ELEMENTS (KOHA)
Source of classification or shelving scheme
Koha item type Books
Copies
Lost status Date last seen Date acquired Not for loan Price effective from Damaged status Copy number Koha item type Source of classification or shelving scheme Full call number Permanent Location Withdrawn status Barcode Shelving location
 2010-04-142010-04-14 2010-04-14 1Books BV 4241 .F68RHEMA Bible Training College 9812General Stacks